| 000 | 02337nam0a2200409 4500 | ||
|---|---|---|---|
| 001 | RU\NLR\bibl\1836433 | ||
| 005 | 20260405083654.0 | ||
| 010 |
_a978-5-392-03269-3 _94000 |
||
| 021 |
_aRU _b2011-84233 _95999 |
||
| 035 | _a(NLR Aleph) 001826919 | ||
| 090 |
_a2083982 _c2083982 |
||
| 100 | _a20111118d2012 |||y0rusy50 ca | ||
| 101 | 0 | _arus | |
| 102 | _aRU | ||
| 105 | _aa ||||||||| | ||
| 200 | 1 |
_aФилософия _eучебник _e[для студентов, аспирантов] _fП.В. Алексеев, А.В. Панин _gМГУ им. М.В. Ломоносова |
|
| 205 | _a4-е изд., перераб. и доп. | ||
| 210 |
_aМосква _cПроспект _cИзд-во Московского университета _d2012 [т.е. 2011] |
||
| 215 |
_a588 с. _d22 |
||
| 225 | 1 |
_aКлассический университетский учебник _fред. совет: пред. В.А. Садовничий [и др.] |
|
| 300 | _aНа обл.: 4-е изд. | ||
| 300 | _aКн. фактически изд. в 2011 г. | ||
| 300 | _aНа тит. л.: МГУ им. М.В. Ломоносова: 250 лет | ||
| 311 | _aГлавы "Классическая немецкая философия, XIX век" и "Основные напавления современной западной филосовии" взяты из кн. В.В. Миронова "Философия" (М., 2004) | ||
| 320 | _aБиблиогр. в тексте | ||
| 488 | 0 |
_12001#$aФилософия _1700#1$3RU\NLR\auth\7725929$aМиронов$bВ. В.$cд-р филос. наук$f1953-$gВладимир Васильевич$4070 _1210##$aМ.$d2004 _tФилософия _aМиронов, Владимир Васильевич (д-р филос. наук ; 1953-) |
|
| 606 | 1 |
_aФилософия _jУчебники для высших учебных заведений _9900139 _3RU\NLR\auth\666996 |
|
| 686 | _aЮ0я73 | ||
| 700 | 1 |
_4070 _8rus _7ca _aАлексеев _bП. В. _cд-р филос. наук _f1932- _gПетр Васильевич _3RU\NLR\auth\7730067 _913094 |
|
| 701 | 1 |
_aПанин _bА. В. _gАлександр Владимирович _4070 |
|
| 801 | 0 |
_aRU _bNLR _c20111118 _gRCR |
|
| 801 | 1 |
_aRU _bNLR _c20111118 |
|
| 830 | _aавт. по кн. | ||
| 942 | _cBOOK | ||
| 980 | _aNB | ||
| 980 | _aNBR | ||